[Event "SRI-chB"]
[Site "Malabe"]
[Date "2015.06.21"]
[Round "5"]
[White "Naotunna, Dineth Nimnaka"]
[Black "Dassanayake, DMGS"]
[Result "0-1"]
[WhiteElo "2006"]
[BlackElo "1845"]
[PlyCount "56"]
[EventDate "2015.06.19"]
[EventType "swiss"]
[EventRounds "10"]
[EventCountry "SRI"]
[SourceTitle "CBM 167 Extra"]
[Source "ChessBase"]
[SourceDate "2015.09.14"]
[SourceVersion "1"]
[SourceVersionDate "2015.09.14"]
[SourceQuality "1"]

1. c4 e5 2. Nc3 Nf6 3. g3 Bb4 4. Nd5 Nxd5 5. cxd5 c6 6. Bg2 0-0 7. a3 Be7 8. d4 exd4 9. Qxd4 Bf6 10. Qd1 Re8 11. e3 c5 12. Ne2 d6 13. 0-0 Nd7 14. f4 Nb6 15. Qc2 Bg4 16. Nc3 g6 17. h3 Bf5 18. e4 Bd4+ 19. Kh2 Bd7 20. g4 Bg7 21. g5 h6 22. gxh6 Bxh6 23. f5 Qh4 24. Bxh6 Qxh6 25. Rf3 Nc4 26. Nd1 Ne5 27. Rg3 Qf4 28. Nc3 Kh7 0-1

[Event "World School-ch U15 11th"]
[Site "Pattaya"]
[Date "2015.05.09"]
[Round "4"]
[White "Dassanayake, DMGS"]
[Black "Maung, Maung Kyaw Zaw"]
[Result "1/2-1/2"]
[WhiteElo "1794"]
[BlackElo "1834"]
[PlyCount "43"]
[EventDate "2015.05.07"]
[EventType "swiss"]
[EventRounds "9"]
[EventCountry "THA"]
[SourceTitle "CBM 166 Extra"]
[Source "ChessBase"]
[SourceDate "2015.06.18"]
[SourceVersion "1"]
[SourceVersionDate "2015.06.18"]
[SourceQuality "1"]

1. d4 d5 2. c4 c6 3. Nc3 Nf6 4. Nf3 dxc4 5. a4 Bf5 6. Ne5 Nbd7 7. Nxc4 Qc7 8. g3 e5 9. dxe5 Nxe5 10. Bf4 Nfd7 11. Bg2 g5 12. Ne3 gxf4 13. Nxf5 0-0-0 14. Qc2 Kb8 15. 0-0 fxg3 16. hxg3 h5 17. Ne4 Ng6 18. Ng5 Nde5 19. Qe4 Be7 20. Nh3 h4 21. g4 a5 22. Rfd1 1/2-1/2